000 00298nam a22001217a 4500
020 _a978-0-19-567794-2
082 _a658.804
100 _aGhosh, P. K.
245 _aIndustrial Marketing
260 _aNew Delhi:
_bOxford University Press,
_c2006
300 _axvi, 568p.: ill.; 28cm
942 _cBK
999 _c22217
_d22217